000
00271nam a22001097a 4500
082
_a
953.63 GRA'A
100
_a
GRAHAM, HELGA
_9
75934
245
_a
ARABIAN TIME MACHINE SELF PRACTICAL OF AN OIL STATE
260
_a
LONDON
_b
HEINEMANN
_c
1978
300
_a
338P
942
_c
BK
999
_c
581344
_d
581344